Proceedings of International Conference on Power Generations System And Renewable Energy Technologies (PGSRET) Nov 29 to Dec 2, 2010 (Record no. 317836)
[ view plain ]
| 000 -LEADER | |
|---|---|
| fixed length control field | 00540 a2200121 4500 |
| 001 - CONTROL NUMBER | |
| control field | 82763 |
| 082 ## - DEWEY DECIMAL CLASSIFICATION NUMBER | |
| Classification number | 629.13 AFZ |
| 090 ## - LOCALLY ASSIGNED LC-TYPE CALL NUMBER (OCLC); LOCAL CALL NUMBER (RLIN) | |
| -- | 39984 |
| -- | 39984 |
| 100 ## - MAIN ENTRY--PERSONAL NAME | |
| Personal name | Dr M Afzal Khan |
| 245 ## - TITLE STATEMENT | |
| Title | Proceedings of International Conference on Power Generations System And Renewable Energy Technologies (PGSRET) Nov 29 to Dec 2, 2010 |
| Remainder of title | Power Generations System And Renewable Energy Technologies (PGSRET) |
| Medium | Medium |
| 260 ## - PUBLICATION, DISTRIBUTION, ETC. | |
| Place of publication, distribution, etc. | Islamabad, Pakistan |
| Name of publisher, distributor, etc. | Faculty of Engineering and Technology International Islamic University Islamabad |
| 300 ## - PHYSICAL DESCRIPTION | |
| Extent | xiv, 428P. |
| 942 ## - ADDED ENTRY ELEMENTS (KOHA) | |
| Institution code [OBSOLETE] | CAENUST |
| Call number prefix | 629.13 AFZ |
| Withdrawn status | Lost status | Damaged status | Not for loan | Collection code | Permanent Location | Current Location | Date acquired | Total Checkouts | Full call number | Barcode | Date last seen | Price effective from | Koha item type |
|---|---|---|---|---|---|---|---|---|---|---|---|---|---|
| College of Aeronautical Engineering (CAE) | College of Aeronautical Engineering (CAE) | 04/03/2017 | 629.13 AFZ | CAEG-9228 | 04/05/2017 | 04/05/2017 | Book |
